| 000 -LEADER |
| fixed length control field |
00903cam a2200241 i 4500 |
| 003 - CONTROL NUMBER IDENTIFIER |
| control field |
OSt |
| 005 - DATE AND TIME OF LATEST TRANSACTION |
| control field |
20260217160524.0 |
| 008 - FIXED-LENGTH DATA ELEMENTS--GENERAL INFORMATION |
| fixed length control field |
141219s2014 sz abe bc 000 0 eng |
| 020 ## - INTERNATIONAL STANDARD BOOK NUMBER |
| International Standard Book Number |
9783906027494 |
| Qualifying information |
cl. |
| 042 ## - AUTHENTICATION CODE |
| Authentication code |
pcc |
| 245 04 - TITLE STATEMENT |
| Title |
The inhabited pathway : |
| Remainder of title |
the built work of Alberto Ponis in Sardinia / |
| Statement of responsibility, etc |
edited by Sebastiano Brandolini. |
| 300 ## - PHYSICAL DESCRIPTION |
| Extent |
240 pages : |
| Other physical details |
chiefly illustrations (some color), maps, plans ; |
| Dimensions |
31 cm |
| 504 ## - BIBLIOGRAPHY, ETC. NOTE |
| Bibliography, etc |
Includes bibliographical references. |
| 600 10 - SUBJECT ADDED ENTRY--PERSONAL NAME |
| Personal name |
Ponis, Alberto, |
| Dates associated with a name |
1933- |
| Form subdivision |
Catalogs. |
| 650 #0 - SUBJECT ADDED ENTRY--TOPICAL TERM |
| Topical term or geographic name as entry element |
Architect-designed houses |
| Geographic subdivision |
Italy |
| -- |
Sardinia |
| Form subdivision |
Catalogs. |
| 650 #0 - SUBJECT ADDED ENTRY--TOPICAL TERM |
| Topical term or geographic name as entry element |
Architecture, Domestic |
| Geographic subdivision |
Italy |
| -- |
Sardinia |
| Form subdivision |
Catalogs. |
| 651 #0 - SUBJECT ADDED ENTRY--GEOGRAPHIC NAME |
| Geographic name |
Sardinia (Italy) |
| General subdivision |
Buildings, structures, etc. |
| 651 #0 - SUBJECT ADDED ENTRY--GEOGRAPHIC NAME |
| Geographic name |
Sardinia (Italy) |
| Form subdivision |
Pictorial works. |
| 655 #7 - INDEX TERM--GENRE/FORM |
| Genre/form data or focus term |
Catalogs. |
| Source of term |
lcgft |
| 655 #7 - INDEX TERM--GENRE/FORM |
| Genre/form data or focus term |
Illustrated works. |
| Source of term |
lcgft |
| 700 1# - ADDED ENTRY--PERSONAL NAME |
| Personal name |
Brandolini, Sebastiano. |
| 942 ## - ADDED ENTRY ELEMENTS (KOHA) |
| Source of classification or shelving scheme |
|